00564 2200217 4500001002100000001002100021005001700042020002200059035002400081040001200105082000800117084001800125100001100143245007000154260003300224300003600257500001100293650001500304850001200319990001500331YOGYA000000000000946YOGYA00000000000094620170118194839.0 a978-0-7864-6452-4 0010-081400000000986 aYOPDYOG a750 aK R 750 Dul K aDullah aKarya dalam peperangan dan revolusi: dilukis. Cetakan 1 /cDullah aJakartabBalai Pustakac1983 avii, 231 hlm.b: ilus.c; 26 cm aIndeks aPustakawan aYOPDYOG a57286-P/95